Globalización, economía del conocimiento y nueva industria electrónica de exportación en México /
保存先:
| 第一著者: | |
|---|---|
| フォーマット: | テキスト |
| 主題: | |
| タグ: |
タグ追加
タグなし, このレコードへの初めてのタグを付けませんか!
|
MARC
| LEADER | 00000 a a2200000 04500 | ||
|---|---|---|---|
| 001 | 42462 | ||
| 003 | |||
| 040 | |||
| 100 | |a Dabat Latrubesse, Alejandro | ||
| 245 | |a Globalización, economía del conocimiento y nueva industria electrónica de exportación en México / |c Alejandro Dabat Latrubesse | ||
| 650 | |a INFORMATICA | ||
| 650 | |a INDUSTRIA ELECTRONICA | ||
| 650 | |a DESARROLLO ECONOMICO | ||
| 650 | |a EXPORTACIONES | ||
| 650 | |a INVERSIONES EXTRANJERAS | ||
| 650 | |a CRECIMIENTO EN LA PRODUCCION | ||
| 650 | |a COMERCIO EXTERIOR | ||
| 650 | |a COMPETENCIA | ||
| 650 | |a VALOR DE EXPORTACIONES | ||
| 650 | |a ESTADISTICAS DE PRODUCCION | ||
| 650 | |a SECTOR TERCIARIO | ||
| 650 | |a MANO DE OBRA | ||
| 773 | |g volumen35, número137 (2004), páginas 11-40 | ||
| 999 | |c 24279 |d 24279 | ||
